[Event "CUB-ch (Women)"]
[Site "Pinar del Rio"]
[Date "2024.02.17"]
[Round "10"]
[White "Montejo Bello, Lorena Beatriz"]
[Black "Arribas Robaina, Maritza"]
[Result "1/2-1/2"]
[WhiteElo "1985"]
[BlackElo "2160"]
[PlyCount "48"]
[EventDate "2024.02.08"]
[EventType "swiss"]
[EventRounds "10"]
[EventCountry "CUB"]
[SourceTitle "CB08_2024"]
[SourceDate "2024.02.21"]
[SourceVersion "1"]
[SourceVersionDate "2024.02.21"]
[SourceQuality "1"]

1. e4 g6 2. d4 Bg7 3. Nc3 d6 4. Be3 a6 5. Qd2 Nd7 6. Nf3 c5 7. a4 cxd4 8. Nxd4 Ngf6 9. Be2 0-0 10. g4 Nc5 11. f3 e5 12. Nb3 Nxb3 13. cxb3 Be6 14. Bc4 Rc8 15. Rd1 Bxc4 16. bxc4 Rxc4 17. Qxd6 Qxd6 18. Rxd6 Rfc8 19. Ke2 Ne8 20. Rd7 Rb4 21. Bc1 Nf6 22. Rd6 Ne8 23. Rd7 Nf6 24. Rd6 Ne8 1/2-1/2

[Event "CUB-ch (Women)"]
[Site "Pinar del Rio"]
[Date "2024.02.09"]
[Round "2"]
[White "Montejo Bello, Lorena Beatriz"]
[Black "Lopez Samon, Yurima"]
[Result "1-0"]
[WhiteElo "1985"]
[BlackElo "2020"]
[PlyCount "82"]
[EventDate "2024.02.08"]
[EventType "swiss"]
[EventRounds "10"]
[EventCountry "CUB"]
[SourceTitle "CB08_2024"]
[SourceDate "2024.02.21"]
[SourceVersion "1"]
[SourceVersionDate "2024.02.21"]
[SourceQuality "1"]

1. e4 c5 2. Nf3 d6 3. d4 cxd4 4. Nxd4 Nf6 5. Nc3 a6 6. Be2 e5 7. Nb3 Nc6 8. Be3 Be7 9. f3 Be6 10. Nd5 0-0 11. 0-0 Bxd5 12. exd5 Nb4 13. c4 a5 14. Qd2 b6 15. Nc1 Na6 16. Bd1 Qc7 17. b3 Rfe8 18. Ne2 Bd8 19. Nc3 Nc5 20. Bc2 Qe7 21. a3 h6 22. b4 Ncd7 23. Rfb1 Bc7 24. Nb5 Bd8 25. Re1 Nf8 26. Ba4 Ng6 27. c5 bxc5 28. bxc5 dxc5 29. d6 Qe6 30. Nc7 Bxc7 31. Bxe8 Bxd6 32. Bb5 e4 33. Rad1 Bc7 34. Bf2 Qb3 35. Bc6 Rd8 36. Qc1 Rxd1 37. Rxd1 Nf4 38. Qb1 Qxa3 39. Qb7 e3 40. Qxc7 exf2+ 41. Kf1 Qa2 1-0

[Event "Guillermo Garcia Memorial U16 op 29th"]
[Site "Santa Clara"]
[Date "2022.05.03"]
[Round "2"]
[White "Montejo Bello, Lorena Beatriz"]
[Black "Diaz Bombino, Esley"]
[Result "1-0"]
[WhiteElo "1778"]
[BlackElo "1532"]
[PlyCount "113"]
[EventDate "2022.05.02"]
[EventType "swiss"]
[EventRounds "7"]
[EventCountry "CUB"]
[SourceTitle "EXT 2023"]
[Source "ChessBase"]
[SourceDate "2022.10.05"]
[SourceVersion "1"]
[SourceVersionDate "2022.10.05"]
[SourceQuality "1"]

1. e4 e5 2. Nf3 d6 3. d4 exd4 4. Nxd4 Nf6 5. Nc3 Be7 6. Bd3 0-0 7. 0-0 c5 8. Nde2 a6 9. a4 Nc6 10. f4 Qb6 11. Be3 Ng4 12. Qd2 Nxe3 13. Qxe3 Nb4 14. f5 Qd8 15. Rad1 Bf6 16. Kh1 Be5 17. Qf2 Qg5 18. Ng1 Qh6 19. Nf3 Bf4 20. Rfe1 b6 21. g3 Bg5 22. Nxg5 Qxg5 23. Bf1 Qf6 24. Bg2 Qe5 25. Nd5 Rb8 26. f6 Nxd5 27. fxg7 Qxg7 28. Rxd5 Be6 29. Rxd6 Rfd8 30. Qd2 Qf8 31. Qg5+ Kh8 32. Qf6+ Kg8 33. Rdd1 Re8 34. Rd3 Qg7 35. Qxg7+ Kxg7 36. Rd6 Rbd8 37. e5 Rxd6 38. exd6 Rd8 39. Rd1 Kf6 40. Bc6 Ke5 41. d7 Kf6 42. Kg2 Ke7 43. Kf3 Bxd7 44. Bxd7 Rxd7 45. Rxd7+ Kxd7 46. Kf4 f6 47. c4 Ke6 48. g4 h6 49. h3 Ke7 50. Kf5 Kf7 51. h4 Kg7 52. Ke6 Kg6 53. a5 bxa5 54. Kd5 f5 55. gxf5+ Kxf5 56. Kxc5 Ke5 57. Kb6 1-0